Report of the AD HOC Committee on the Motion of Censure against the Hon. Minister for Finance Mr Ken Ofori-Atta (Record no. 2098)

MARC details
000 -LEADER
fixed length control field 00431nam a2200145Ia 4500
008 - FIXED-LENGTH DATA ELEMENTS--GENERAL INFORMATION
fixed length control field 240429s9999||||xx |||||||||||||| ||und||
041 ## - LANGUAGE CODE
Language code of text/sound track or separate title eng
082 ## - DEWEY DECIMAL CLASSIFICATION NUMBER
Classification number zxxxz
100 ## - MAIN ENTRY--PERSONAL NAME
Personal name Private Member Motion
245 #0 - TITLE STATEMENT
Title Report of the AD HOC Committee on the Motion of Censure against the Hon. Minister for Finance Mr Ken Ofori-Atta
300 ## - PHYSICAL DESCRIPTION
Extent 41p.:
650 ## - SUBJECT ADDED ENTRY--TOPICAL TERM
Topical term or geographic name entry element Censure Motion against Ken Ofori -Atta
942 ## - ADDED ENTRY ELEMENTS (KOHA)
Koha item type Committee Reports
Holdings
Withdrawn status Lost status Damaged status Not for loan Home library Current library Shelving location Date acquired Total checkouts Full call number Date last seen Copy number Price effective from Koha item type
        Main Library Main Library Open Shelves 16/12/2022   NULL 29/04/2024 1 29/04/2024 Committee Reports
©2026  Parliament of Ghana Library - All rights reserved